000 00788cas a2200241 i 4500
001 10828371
005 20140709112450.0
006 m d
007 ta
008 140430c20uu9999ii mr p|s|||||| |0eng d
050 4 _aTX901
130 0 _aHospitality biz
210 1 0 _aHospitality biz
245 1 0 _aHospitality biz:
_hfor the hospitality professional /
260 _aMumbai :
_bSaffron Synergies
_c2014-
300 _av.
_c36 cm (Pbk)
310 _aMonthly
650 0 _aHospitality industry
_vPeriodicals.
776 1 _tHospitality biz
_w(WaSeSS)IndRDA00019864
856 4 0 _uwww.hospitalitybizindia.com
270 _a5/7, Sorabji Santuk Lane, Opp Dr. Cawasji Hormasji Street Dhobi Talao
_bMumbai
_e400002
_k22-67121854
_msubscriber@hospitalitybizindia.com
942 _2ddc
_cSR
_s1
999 _c86627
_d86627